| 000 | 00424nam a2200133Ia 4500 | ||
|---|---|---|---|
| 005 | 20260328104327.0 | ||
| 008 | 260328s9999||||xx |||||||||||||| ||und|| | ||
| 100 | _aGreever, Tom | ||
| 245 | 0 |
_aArticulating Design decisions : _b Communicate with Stakeholders, keep Your Sanity, and deliver the Best User Experience. / _cTom Greever |
|
| 260 | _bO'Reilly Media | ||
| 300 | _a217 p. | ||
| 650 | _aDISEÑO GRÁFICO | ||
| 942 | _cBK | ||
| 999 |
_c11560 _d11560 |
||